The myth of American idealism : (Record no. 749093)
[ view plain ]
| 000 -LEADER | |
|---|---|
| fixed length control field | 00404nam a22001217a 4500 |
| 020 ## - INTERNATIONAL STANDARD BOOK NUMBER | |
| ISBN | 9780241700884 |
| 082 ## - DEWEY DECIMAL CLASSIFICATION NUMBER | |
| Classification number | 327.73 CHO/M |
| 100 ## - MAIN ENTRY--AUTHOR NAME | |
| Personal name | Chomsky,Noam and Robinson,Nathan J |
| 245 ## - TITLE STATEMENT | |
| Title | The myth of American idealism : |
| Sub Title | how U S foreign policy endangers the world/ |
| Statement of responsibility, etc | by Noam Chomsky and Nathan J Robinson |
| 260 ## - PUBLICATION, DISTRIBUTION, ETC. (IMPRINT) | |
| Place of publication | . - UK |
| Name of publisher | : Hamish Hamilton |
| Year of publication | , 2024 |
| 300 ## - PHYSICAL DESCRIPTION | |
| Number of Pages | viii+400 pages |
| 942 ## - ADDED ENTRY ELEMENTS (KOHA) | |
| Source of classification or shelving scheme | Dewey Decimal Classification |
| Koha item type | Book |
| Withdrawn status | Lost status | Source of classification or shelving scheme | Damaged status | Not for loan | Home Library | Current Location | Date acquired | Full call number | Accession Number | Price effective from | Koha item type |
|---|---|---|---|---|---|---|---|---|---|---|---|
| Dewey Decimal Classification | Dept. of Political Science | Dept. of Political Science | 06/02/2025 | 327.73 CHO/M | POL23730 | 27/05/2025 | Book |
